FNAF 3 Character Quiz - Statistics

General Stats
  • This quiz has been taken 229 times
  • The average score is 7 of 9
Answer Stats
Hint Answer % Correct
Evil Springtrap
100%
Watermelon Phantom Chica
96%
Ghost Pirate Phantom Foxy
96%
Old and fat Phantom Freddy
96%
creepster Phantom Puppet
89%
LOUD Phantom Mangle
86%
Terrifying Phantom bb
78%
Killer Purple Guy
59%
Sad Crying Child
43%
No matching quizzes found
Score Distribution
Percent of People with Each Score
Percentile by Number Answered
Your Score History
You have not taken this quiz